000 00863nam a22002057a 4500
003 OSt
005 20170608093048.0
008 150408b xxu||||| |||| 00| 0 eng d
040 _cBMC
082 _a630.7284
100 1 _935930
_aAlarcón Martínez, Gerson Uziel
245 1 0 _aPasantía en Fertica Proagro
_b: Informe final
_cGerzon Uziel Alarcón Martínez
260 _aSanta Ana (El Salvador)
_bUniversidad Católica de El Salvador
_c2008
300 _a46 h.
_c28 cm
_b+ 1 disco compacto
500 _aPrecede al tít.: Universidad Católica de El Salvador, Facultad de Ingeniería y Arquitectura
502 _aTrabajo de graduación para optar título de Ingeniero agrónomo
650 2 4 _933273
_aAgronomía
_zEl Salvador
710 2 _91166
_aUniversidad Católica de El Salvador
_bFacultad de Ingeniería y Arquitectura
942 _2ddc
_cTG
_hprozim
999 _c22203
_d22203